00421cam a2200157ua 45000010005000000080039000050400009000440820013000531000027000662450055000932500009001482600040001573000017001976530019002146530030002333558111117n ii |||gr||||Z||||||asm cMAIN a891.45131 aSarma, Satyendra Nath,11aAsamiya upanyasar bhumikacby Satyendra Nath Sarma a1st. aGuwahati:bSaumar Prakashan,c2004. a124p:c23cm. aAssamese novel aasamiya upanyasar bhumika